|
|
|
|
| LEADER |
00958nam a2200277 a 4500 |
| 001 |
13585248 |
| 008 |
100112s2005 maua b 001 0 eng d |
| 010 |
|
|
|a 2004050453
|
| 020 |
|
|
|a 007291694X (alk. paper)
|
| 020 |
|
|
|a 9780072977516
|
| 040 |
|
|
|a DLC
|c DLC
|d DLC
|d BD-DhAAL
|
| 082 |
0 |
0 |
|a 302
|2 22
|
| 100 |
1 |
|
|a Myers, David G.
|
| 245 |
1 |
0 |
|a Social psychology /
|c David G. Myers.
|
| 250 |
|
|
|a 8th ed.
|
| 260 |
|
|
|a Boston :
|b McGraw-Hill,
|c c2005.
|
| 300 |
|
|
|a xxiv, 663, [151] p. :
|b ill. ;
|c 26 cm.
|
| 500 |
|
|
|a Title on disc: SocialSense.
|
| 504 |
|
|
|a Includes bibliographical references and index.
|
| 541 |
1 |
|
|e 00017512
|
| 650 |
|
0 |
|a Social psychology.
|
| 740 |
0 |
2 |
|a SocialSense.
|
| 740 |
0 |
2 |
|a Social Sense.
|
| 852 |
4 |
|
|a Ayesha Abed Library
|j General Shelf.
|
| 999 |
|
|
|c 6955
|d 6955
|
| 952 |
|
|
|0 0
|1 0
|2 ddc
|4 0
|6 302_MYE_200500000000000
|7 0
|9 7191
|a BRACUL
|b BRACUL
|c GEN
|d 2010-01-13
|l 4
|m 42
|o 302 MYE
|p 3010017512
|q 2026-06-02
|r 2026-05-20
|s 2026-05-20
|t 1
|w 2010-01-13
|y BK
|